National Forest Land Scheme (Record no. 108572)

MARC details
000 -LEADER
fixed length control field 01742cad a22002415a 4500
001 - CONTROL NUMBER
control field E144642
008 - FIXED-LENGTH DATA ELEMENTS--GENERAL INFORMATION
fixed length control field 080801s2008 xxka f 000 0 eng d
035 ## - SYSTEM CONTROL NUMBER
System control number (Sirsi) u144642
041 0# - LANGUAGE CODE
Language code of text/sound track or separate title eng
050 04 - LIBRARY OF CONGRESS CALL NUMBER
Classification number 634.92 $2 18
110 2# - MAIN ENTRY--CORPORATE NAME
Corporate name or jurisdiction name as entry element Forestry Commission Scotland
9 (RLIN) 5586
245 00 - TITLE STATEMENT
Title National Forest Land Scheme
260 ## - PUBLICATION, DISTRIBUTION, ETC.
Place of publication, distribution, etc. Edinburgh
Name of publisher, distributor, etc. Forestry Commission Scotland
Date of publication, distribution, etc. 2008
505 2# - FORMATTED CONTENTS NOTE
Formatted contents note National forest land scheme: community acquisition; land for woodland crofts; land for affordable housing; sponsored sale of surplus land -- Community acquisition: before you apply; valuation; the application; the application process; publication and consultation; what evidence is needed; making the decision; appeals; examining the criteria -- Land for woodland crofts: crofting; principles; the role of the Crofters Commission; before you apply; valuation; procedures; criteria; housing and woodland crofts; affordable housing; linking the house with the land -- Land for affordable housing: valuation; use of timber in construction; the application; explaining the criteria -- Sponsored sale of surplus land: acquisition by community bodies; purchase by other organisations -- Contacts
520 ## - SUMMARY, ETC.
Summary, etc. National Forest land is land which is held by Scottish Ministers on behalf of the nation, and managed by Forestry Commission Scotland. This guide explains how such land can be acquired or leased by local communities.
521 ## - TARGET AUDIENCE NOTE
Target audience note Introductory
590 ## - LOCAL NOTE (RLIN)
Local note KA
650 24 - SUBJECT ADDED ENTRY--TOPICAL TERM
Topical term or geographic name entry element NATIONAL FOREST LAND SCHEME
651 #4 - SUBJECT ADDED ENTRY--GEOGRAPHIC NAME
Geographic name Scotland
Chronological subdivision 1999-
690 ## - LOCAL SUBJECT ADDED ENTRY--TOPICAL TERM (OCLC, RLIN)
Topical term or geographic name as entry element ENVIRONMENTAL AND LAND CONSULTANCY-FORESTRY AND WOODLAND MANAGEMENT
856 40 - ELECTRONIC LOCATION AND ACCESS
Uniform Resource Identifier <a href="https://www.forestry.gov.uk/nfls">https://www.forestry.gov.uk/nfls</a>
Public note View the guidance free of charge at www.forestry.gov.uk...
942 ## - ADDED ENTRY ELEMENTS (KOHA)
Suppress in OPAC 0
Holdings
Withdrawn status Lost status Source of classification or shelving scheme Damaged status Not for loan Home library Current library Shelving location Date acquired Total Checkouts Full call number Barcode Date last seen Copy number Price effective from Koha item type
    Dewey Decimal Classification     Virtual Virtual Online 01/08/2008   ONLINE PUBLICATION 144642-2001 06/08/2019 1 06/08/2019 Book